[Event "ch-Asia"]
[Site "Udaipur IND"]
[Date "2000.01.14"]
[Round "5"]
[White "Sasikiran,K"]
[Black "Ramesh,R"]
[Result "1-0"]
[WhiteElo "2514"]
[BlackElo "2443"]

1.d4 d5 2.c4 c6 3.Nc3 Nf6 4.Nf3 e6 5.Bg5 h6 6.Bh4 dxc4 7.e4 g5 8.Bg3 b5 9.Be2 Bb7
10.Ne5 Bb4 11.O-O Nbd7 12.f4 Bxc3 13.bxc3 Nxe5 14.fxg5 Nfd7 15.dxe5 Qxg5
16.Rxf7 O-O-O 17.Bg4 Qg6 18.Bh5 Qxe4 19.Qd6 Qd5 20.Rd1 Qc5+ 21.Bf2 Qxd6 22.exd6 c5
23.Bg4 Bd5 24.Bxc5 Rhg8 25.Bh3 a6 26.Bf2 Rg6 27.Bh4 Rdg8 28.Rxd5 exd5 29.Rxd7 Rxg2+
30.Kf1 Rxh2 31.Rg7+ Rxh3 32.d7+  1-0

[Event "Goodricke Open"]
[Site "Calcutta IND"]
[Date "2000.02.06"]
[Round "1"]
[White "Sasikiran,K"]
[Black "Gokhale,C"]
[Result "1-0"]
[WhiteElo "2514"]
[BlackElo "2378"]

1.d4 d5 2.c4 e6 3.Nc3 c5 4.cxd5 exd5 5.Nf3 Nc6 6.g3 Nf6 7.Bg2 Be7 8.O-O O-O
9.Bg5 cxd4 10.Nxd4 h6 11.Bf4 Be6 12.Nxe6 fxe6 13.Rc1 Bd6 14.Bd2 Qe7 15.e4 d4
16.Nb5 Bb8 17.Qb3 Kh8 18.e5 Bxe5 19.f4 Bc7 20.Bxc6 bxc6 21.Bb4  1-0

[Event "Goodricke Open"]
[Site "Calcutta IND"]
[Date "2000.02.09"]
[Round "4"]
[White "Gokhale,J"]
[Black "Sasikiran,K"]
[Result "0-1"]
[WhiteElo "2305"]
[BlackElo "2514"]

1.Nf3 Nf6 2.c4 g6 3.Nc3 Bg7 4.e4 O-O 5.d4 d6 6.Be2 e5 7.O-O Nc6 8.d5 Ne7
9.Nd2 a5 10.a3 Nd7 11.Rb1 f5 12.b4 Kh8 13.Qc2 axb4 14.axb4 Nf6 15.f3 g5 16.c5 Ng6
17.Nc4 Nf4 18.b5 g4 19.fxg4 fxe4 20.h3 dxc5 21.Bb2 N6xd5 22.Qxe4 Nf6 23.Qc2 Qd4+
24.Kh1 Be6 25.Rbd1 Nxe2 26.Rxd4 Nxd4 27.Qd3 e4 28.Nxe4 Nxe4 29.Rxf8+ Rxf8
30.Qxe4 Bxc4 31.Qe7 b6 32.Qxc7 Bxb5 33.h4 Kg8 34.g5 Be8 35.Qd6 Rf1+ 36.Kh2 Re1
37.Kh3 Re3+ 38.g3 Be5  0-1

[Event "Chalapathi GM"]
[Site "Guntur, AP IND"]
[Date "2000.04.10"]
[Round "8"]
[White "Prasad,D"]
[Black "Sasikiran,K"]
[Result "1-0"]
[WhiteElo "2421"]
[BlackElo "2514"]

1.e4 c5 2.Nf3 d6 3.d4 cxd4 4.Nxd4 Nf6 5.Nc3 e6 6.Be2 a6 7.O-O Qc7 8.f4 Be7
9.Be3 Nc6 10.a4 O-O 11.Kh1 Re8 12.Bf3 Bd7 13.Nb3 b6 14.g4 Bc8 15.g5 Nd7 16.Bg2 Rb8
17.Qd2 Bf8 18.Qf2 Bb7 19.Rad1 Ba8 20.Qh4 g6 21.Rf3 Nb4 22.Rh3 h5 23.gxh6 Kh7
24.Nd4 Be7 25.Qf2 Rg8 26.Nf3 f6 27.Nd4 Nc5 28.f5 gxf5 29.Nxe6 Nxe6 30.Qxf5+ Kh8
31.Qxe6 Rbe8 32.h7 Rg7 33.Bh6 Rxh7 34.Bg7+ Kxg7 35.Rxh7+ Kxh7 36.Qf7+ Kh6
37.Qxe8  1-0

[Event "Chalapathi GM"]
[Site "Guntur, AP IND"]
[Date "2000.04.13"]
[Round "11"]
[White "Sasikiran,K"]
[Black "Koneru,H"]
[Result "1-0"]
[WhiteElo "2514"]
[BlackElo "2244"]

1.d4 e6 2.Nf3 Nf6 3.Bg5 b6 4.Nbd2 Bb7 5.e3 c5 6.Bd3 d5 7.c3 Be7 8.a4 Nbd7
9.O-O O-O 10.Qb1 h6 11.Bh4 a5 12.Rd1 Nh5 13.Bg3 Nxg3 14.hxg3 Qc7 15.Bb5 Bc6
16.Qd3 Rfd8 17.Qe2 Nf6 18.Bxc6 Qxc6 19.Ne5 Qb7 20.f4 h5 21.Qd3 Bd6 22.Rf1 g6
23.Rae1 Kg7 24.Rf2 Qc7 25.Ref1 Rf8 26.Re2 Rad8 27.Nef3 Kg8 28.Ng5 Qd7 29.Qc2 Ng4
30.Ndf3 Be7 31.Nh3 Qc7 32.Ne5 Kg7 33.Qd1 Qd6 34.Rfe1 Nf6 35.Nf2 Qc7 36.Rd2 Qb7
37.Qb3 Rb8 38.Rf1 Qc7 39.Qb5 Rbc8 40.Qd3 Qb7 41.Ra1 Rfd8 42.Rdd1 Rc7 43.Qe2 Rcc8
44.Kf1 Ra8 45.Ke1 Rdb8 46.Kd2 Rh8 47.Rh1 Rab8 48.Rab1 Qc7 49.Qb5 Rbc8 50.Rh3 Ne8
51.Qd3 Nd6 52.Rbh1 c4 53.Qb1 f5 54.Ke2 Qb8 55.g4 hxg4 56.Nfxg4 Ne4 57.Nf2 Rxh3
58.Rxh3 Nxf2 59.Kxf2 Rh8 60.b3 Rxh3 61.gxh3 cxb3 62.Qxb3 Qc7 63.Ke2 Bd6 64.Nf3 Kf6
65.Kd3 Qc6 66.h4 Kg7 67.Ng5 Be7 68.Nf3 Bd6 69.Kd2 Bc7 70.Kc2 Bd6 71.Kd3 Bc7
72.Qb5 Qxb5+ 73.axb5 Kf6 74.c4 Bd6 75.c5 bxc5 76.dxc5 Bxc5 77.Ne5 Bd6 78.b6 Ke7
79.Nxg6+ Kd7 80.h5 Ba3 81.h6 Bb2 82.Ne5+  1-0

[Event "Japfa Open"]
[Site "Bali INA"]
[Date "2000.05.10"]
[Round "8"]
[White "Sadvakasov,D"]
[Black "Sasikiran,K"]
[Result "1-0"]
[WhiteElo "2471"]
[BlackElo "2514"]

1.e4 c5 2.Nf3 d6 3.d4 cxd4 4.Nxd4 Nf6 5.Nc3 e6 6.Be2 a6 7.a4 Nc6 8.O-O Qc7
9.Be3 Be7 10.f4 O-O 11.Kh1 Re8 12.Bf3 Bd7 13.Nb3 b6 14.g4 Bc8 15.g5 Nd7 16.Bg2 Bf8
17.f5 Nde5 18.Qh5 Nb4 19.Nd4 exf5 20.exf5 Bb7 21.Rf4 Bxg2+ 22.Kxg2 g6 23.Qh3 gxf5
24.Raf1 Ng6 25.Rxf5 Re7 26.R5f2 Qc4 27.Nf5 Re5 28.Kg1 Rae8 29.Bxb6 Bg7 30.Nxg7 Rxg5+
31.Kh1 Ree5 32.Nf5 Qc6+ 33.Qf3 Qxb6 34.Qa8+ Nf8 35.Nh6+ Kg7 36.Rxf7+ Kg6
37.R7f6+ Kh5 38.Qf3+  1-0

[Event "ch-IND"]
[Site "Mumbai IND"]
[Date "2000.05.16"]
[Round "2"]
[White "Sasikiran,K"]
[Black "Prasad,D"]
[Result "1-0"]
[WhiteElo "2514"]
[BlackElo "2421"]

1.d4 Nf6 2.c4 e6 3.Nc3 Bb4 4.Qc2 O-O 5.a3 Bxc3+ 6.Qxc3 b6 7.Bg5 Ba6 8.e3 d6
9.Bd3 Nbd7 10.Ne2 h6 11.Bh4 c5 12.Qc2 Rc8 13.Qa4 Bb7 14.O-O Qc7 15.Rfc1 Qb8
16.Nc3 Bc6 17.Qd1 Qb7 18.Bf1 d5 19.cxd5 Nxd5 20.Nb5 Bxb5 21.Bxb5 a6 22.Bf1 b5
23.e4 N5b6 24.dxc5 Rxc5 25.f3 Nc4 26.Qe2 Rfc8 27.Bf2 R5c6 28.b3 Na5 29.Rxc6 Qxc6
30.Rb1 Qc2 31.Qxc2 Rxc2 32.a4 bxa4 33.bxa4 Nc4 34.Rd1 Nde5 35.h3 a5 36.f4 Nc6
37.Bd3 Rd2 38.Rxd2 Nxd2 39.Bb6 Nb3 40.Kf2 Kf8 41.Bc4 Nbd4 42.Ke3 Nc2+ 43.Kd2 N2b4
44.Kc3 Ke7 45.Bxa5 Nxa5 46.Kxb4 Nc6+ 47.Kc5 Na5 48.Bb5 Kd8 49.Kb6 Nb3 50.a5  1-0

[Event "ch-IND"]
[Site "Mumbai IND"]
[Date "2000.05.17"]
[Round "3"]
[White "Barua,D"]
[Black "Sasikiran,K"]
[Result "1/2-1/2"]
[WhiteElo "2555"]
[BlackElo "2514"]

1.e4 c5 2.Nf3 d6 3.d4 cxd4 4.Nxd4 Nf6 5.Nc3 e6 6.Be2 a6 7.f4 Qc7 8.O-O Be7
9.Kh1 Nc6 10.Be3 O-O 11.a4 Re8 12.Bf3 Rb8 13.g4 Nd7 14.Bg2 b6 15.g5 Bb7 16.f5 Nxd4
17.Qxd4 Ne5 18.Rad1 Bc6 19.f6 Bf8 20.fxg7 Bxg7 21.Qxd6 Qxd6 22.Rxd6 Rbc8
23.Bc1 b5 24.axb5 axb5 25.Nd1 b4 26.Ne3 Bf8 27.Rdd1 Bb5 28.Rfe1 Be7 29.h4 b3
30.cxb3 Nd3 31.Rxd3 Bxd3 32.Ng4 Bb4 33.Rg1 Bc5 34.Re1 Red8 35.Bd2 Rb8 36.Bc3 Bb4
37.Rc1 Bxc3 38.Rxc3 Rbc8 39.Ne5 Be2 40.Nc6 Rd1+ 41.Kh2 Kf8 42.Nd4 Rxc3 43.bxc3 Rd2
44.Nxe2 Rxe2 45.Kg3 Re3+ 46.Kf4 Rxc3 47.e5 Rxb3 48.h5 Ke7 49.Be4 Rb4 50.Kf3 Rb5
51.Kf4 Rb4 52.Kf3  1/2-1/2

[Event "ch-IND"]
[Site "Mumbai IND"]
[Date "2000.05.20"]
[Round "5"]
[White "Sandipan,C"]
[Black "Sasikiran,K"]
[Result "0-1"]
[WhiteElo "2424"]
[BlackElo "2514"]

1.e4 e5 2.Nf3 Nc6 3.Bb5 a6 4.Ba4 Nf6 5.Qe2 b5 6.Bb3 Bc5 7.d3 d6 8.c3 h6 9.O-O O-O
10.Rd1 Re8 11.Be3 Bxe3 12.fxe3 d5 13.exd5 Nxd5 14.c4 Nf6 15.Nc3 Na5 16.Bc2 Qe7
17.Nd5 Nxd5 18.cxd5 c5 19.Qd2 Nb7 20.d4 e4 21.Ne5 cxd4 22.Nc6 Qg5 23.Nxd4 Bd7
24.Rf1 a5 25.Ne2 Nd6 26.b3 b4 27.a3 Bb5 28.Rf2 Bxe2 29.Rxe2 Qe5 30.Ree1 Rac8
31.axb4 axb4 32.Ra6 Rc3 33.Rc6 Rc8 34.Rxc8+ Rxc8 35.Re2 Qa1+ 36.Qd1 Qxd1+
37.Bxd1 Rc3 38.Bc2 f5 39.Kf2 Kf7 40.g3 Kf6 41.Rd2 Ke5 42.Bd1 g5 43.Ke2 Rc1
44.h4 gxh4 45.gxh4 Ra1 46.Kf2 f4 47.exf4+ Kxf4 48.Ke1 Ke5 49.h5 Nf5 50.d6 Nxd6
51.Kf2 Nf5 52.Rd8 Kf4 53.Rd7 Ra2+ 54.Ke1 Ke3 55.Rf7 Nd4 56.Rd7 Rh2  0-1

[Event "WIPRO GM"]
[Site "Hyderabad IND"]
[Date "2000.07.16"]
[Round "1"]
[White "Sasikiran,K"]
[Black "Ionov,S"]
[Result "1-0"]
[WhiteElo "2573"]
[BlackElo "2542"]

1.d4 Nf6 2.c4 e6 3.Nc3 Bb4 4.Qc2 O-O 5.a3 Bxc3+ 6.Qxc3 d6 7.Bg5 h6 8.Bh4 g5
9.Bg3 Ne4 10.Qc2 f5 11.e3 Qf6 12.f3 Nxg3 13.hxg3 e5 14.dxe5 dxe5 15.c5 Nc6
16.Bc4+ Be6 17.Ne2 Kg7 18.Rd1 Rad8 19.O-O Qf7 20.Bxe6 Qxe6 21.Qc3 Kh7 22.Qc2 Kg7
23.Qa4 a6 24.Nc3 Rxd1 25.Rxd1 Rd8 26.Rxd8 Nxd8 27.g4 fxg4 28.fxg4 Nf7 29.Qb4 b6
30.cxb6 cxb6 31.Ne2 a5 32.Qa4 e4 33.Nc3 Qxg4 34.Qd4+ Kf8 35.Qxb6 Qh4 36.Qc5+ Kg8
37.Kf1 Qh1+ 38.Kf2 Qh4+ 39.Ke2 Qh5+  1-0

[Event "WIPRO GM"]
[Site "Hyderabad IND"]
[Date "2000.07.20"]
[Round "5"]
[White "Sasikiran,K"]
[Black "Harikrishna,P"]
[Result "0-1"]
[WhiteElo "2573"]
[BlackElo "2500"]

1.Nf3 Nf6 2.g3 d5 3.Bg2 Bf5 4.b3 e6 5.Bb2 Be7 6.O-O O-O 7.d3 h6 8.e3 c5 9.Ne5 Bh7
10.Qe2 Nfd7 11.Nxd7 Nxd7 12.c4 Bf6 13.Nc3 Qa5 14.Rac1 d4 15.exd4 cxd4 16.Na4 Ne5
17.Rcd1 Nc6 18.f4 Rac8 19.Qd2 Qc7 20.Nc5 Be7 21.Ne4 f5 22.Nf2 Bb4 23.Qc2 Qd6
24.a3 Bxa3 25.Bxa3 Qxa3 26.Rfe1 Rfe8 27.Ra1 Qb4 28.Bxc6 Rxc6 29.Re5 a6 30.Qb2 Rd8
31.Qe2 Re8 32.Qh5 Qf8 33.Rae1 Qf7 34.Qd1 Bg6 35.b4 Bh5 36.Qa1 Qd7 37.h3 Bf3
38.Kh2 Rcc8 39.g4 Bc6 40.Qb2 fxg4 41.Nxg4 Rf8 42.Qf2 Qf7 43.Rg1 Kh7 44.Rf1 b5
45.c5 Rcd8 46.Re2 Bd5 47.Qg3 Qc7 48.Ref2 Rf5 49.Ne5 Rdf8 50.h4 R8f6 51.Kg1 Rxe5
52.fxe5 Rg6  0-1

[Event "WIPRO GM"]
[Site "Hyderabad IND"]
[Date "2000.07.24"]
[Round "9"]
[White "Prasad,D"]
[Black "Sasikiran,K"]
[Result "1/2-1/2"]
[WhiteElo "2431"]
[BlackElo "2573"]

1.e4 c5 2.Nf3 d6 3.d4 cxd4 4.Nxd4 Nf6 5.Nc3 e6 6.Be2 a6 7.O-O Nc6 8.Be3 Be7
9.f4 O-O 10.Kh1 Qc7 11.Qe1 Nxd4 12.Bxd4 b5 13.a3 Bb7 14.Qg3 Bc6 15.Rae1 Qb7
16.Bf3 Rad8 17.Nd1 d5 18.Bxf6 Bxf6 19.e5 Be7 20.f5 Kh8 21.Bg4 exf5 22.Bxf5 g6
23.Bd3 f5 24.Nf2 Rde8 25.Nh3 Bd8 26.Ng5 Qe7 27.Nf3 Bb6 28.Qf4 Qg7 29.c3 Re7
30.h4 Bc7 31.Re3 Bd7 32.Rfe1 Rfe8 33.Bc2 Be6 34.Bb3 Bg8 35.R1e2 Bb8 36.a4 bxa4
37.Bxa4 Rc8 38.Nd4 Rc4 39.Bb3 Rc8 40.Ba4 Rc4 41.b3 Rc8 42.Nc6 Re6 43.Nxb8 Rxb8
44.b4 Rd8 45.Ra2 a5 46.Kh2 axb4 47.cxb4 Ra6 48.Bb3 Rb6 49.Rd3 Qc7 50.Ra3 Be6
51.Ba4 Rdb8  1/2-1/2

[Event "WIPRO GM"]
[Site "Hyderabad IND"]
[Date "2000.07.25"]
[Round "10"]
[White "Ganguly,S"]
[Black "Sasikiran,K"]
[Result "0-1"]
[WhiteElo "2498"]
[BlackElo "2573"]

1.e4 c5 2.Nf3 d6 3.d4 cxd4 4.Nxd4 Nf6 5.Nc3 e6 6.Be2 a6 7.O-O Qc7 8.f4 Nc6
9.Be3 Be7 10.Qe1 O-O 11.Qg3 Nxd4 12.Bxd4 b5 13.a3 Bb7 14.Rad1 Rae8 15.Bf3 Bc6
16.Rfe1 Kh8 17.Kh1 Rg8 18.Rd3 Nd7 19.Bh5 Ref8 20.Qh3 e5 21.Nd5 Bxd5 22.exd5 g6
23.Bd1 f5 24.fxe5 dxe5 25.Bc3 Rg7 26.d6 Bxd6 27.Qg3 Re8 28.Bf3 Nf6 29.Rxd6 Qxd6
30.Bxe5 Rge7 31.Bc3 Rxe1+ 32.Bxe1 Qxg3 33.Bxg3 Ne4 34.Be1 Kg7 35.Kg1 Rc8
36.Bd1 Kf6 37.Bb4 Ke6 38.c3 Rd8  0-1

[Event "Penta Media GM"]
[Site "Kelamabakkam IND"]
[Date "2000.08.14"]
[Round "1"]
[White "Sasikiran,K"]
[Black "Barua,D"]
[Result "1-0"]
[WhiteElo "2573"]
[BlackElo "2502"]

1.d4 d5 2.c4 e6 3.Nc3 Nf6 4.Bg5 c6 5.e3 Nbd7 6.Nf3 Qa5 7.Nd2 dxc4 8.Bxf6 Nxf6
9.Nxc4 Qc7 10.Rc1 Be7 11.g3 O-O 12.Bg2 Rd8 13.O-O Bd7 14.e4 Be8 15.e5 Nd5
16.Ne4 Nb6 17.Ncd6 Nc8 18.Nxe8 Rxe8 19.Qg4 Rd8 20.Rfd1 Nb6 21.h4 h6 22.Rc3 Nd5
23.Rf3 Bf8 24.Bf1 c5 25.Rc1 b6 26.Bd3 Rac8 27.a3 Qb7 28.Re1 cxd4 29.Nf6+ Nxf6
30.exf6 Qd5 31.Be4 Qd6 32.fxg7 Bxg7 33.Bh7+ Kf8 34.Rxe6 Qd5 35.Bg6 Rc7 36.Re1 Kg8
37.Be4 Qc5 38.Bd3 Re7 39.Rxe7 Qxe7 40.Qf5 Rd6 41.Rf4 Qe6 42.Qh5 Qd5 43.Rf5 Qe6
44.Qf3 Rc6 45.Be4 Rc7 46.Kg2 Qe8 47.Bd5 Re7 48.Bc4 Qd7 49.b3 Qe8 50.g4 d3
51.Bxd3 Re5 52.Rf4 b5 53.a4 a6 54.Qb7 Qe6 55.axb5 axb5 56.Bxb5 Qd5+ 57.Qxd5 Rxd5
58.Bc4 Rd7 59.g5 hxg5 60.hxg5 Kf8 61.Rf5 Ra7 62.f4 Ke8 63.Kf3 Bc3 64.Kg4 Bb4
65.Re5+ Kf8 66.Rb5 Bd6 67.Rb6 Rd7 68.f5 Bc7 69.Rb7 Ke7 70.f6+ Kd8 71.Kf5 Kc8
72.Rxc7+ Rxc7 73.Bxf7  1-0

[Event "Penta Media GM"]
[Site "Kelamabakkam IND"]
[Date "2000.08.19"]
[Round "6"]
[White "Sandipan,C"]
[Black "Sasikiran,K"]
[Result "0-1"]
[WhiteElo "2446"]
[BlackElo "2573"]

1.e4 e5 2.Nf3 Nc6 3.d4 exd4 4.Nxd4 Nf6 5.Nxc6 bxc6 6.e5 Qe7 7.Qe2 Nd5 8.c4 Ba6
9.b3 O-O-O 10.g3 Re8 11.Bb2 g6 12.Qd2 Nb6 13.Bg2 Bg7 14.O-O Bxe5 15.a4 Qd6
16.Qc2 Bxb2 17.Qxb2 Qb4 18.Qd4 Qd6 19.Qc3 Qe5 20.a5 Nd5 21.cxd5 Bxf1 22.Qxe5 Rxe5
23.Kxf1 cxd5 24.f4 Re3 25.Bxd5 Rd3 26.Be4 Rxb3 27.Nd2 Rb4 28.Re1 Re8 29.Bd5 Rxe1+
30.Kxe1 f6 31.Bg8 h6 32.Ke2 Kd8 33.Bc4 c6 34.Bd3 g5 35.Ne4 Ke7 36.f5 Rb2+
37.Ke3 d5 38.Nf2 c5 39.h4 Rb3 40.Kd2 c4 41.Be2 Rxg3 42.h5 c3+ 43.Ke1 c2 44.Kd2 c1=Q+
45.Kxc1 Rg2  0-1

[Event "Penta Media GM"]
[Site "Kelamabakkam IND"]
[Date "2000.08.22"]
[Round "8"]
[White "Kunte,A"]
[Black "Sasikiran,K"]
[Result "1-0"]
[WhiteElo "2556"]
[BlackElo "2573"]

1.e4 c6 2.d4 d5 3.exd5 cxd5 4.c4 Nf6 5.Nc3 e6 6.Nf3 Bb4 7.cxd5 Nxd5 8.Qc2 Nc6
9.Bd3 h6 10.O-O O-O 11.a3 Be7 12.Qe2 Re8 13.Bc2 Bf8 14.Re1 Bd7 15.Qd3 g6
16.h4 Nf6 17.Ne5 Ne7 18.h5 Nxh5 19.Qf3 f5 20.Qxb7 Nf6 21.Nxd7 Nxd7 22.Ba4 Nf6
23.Bxe8 Nxe8 24.Rxe6 Ng7 25.Re1 g5 26.d5 Rb8 27.Qxa7 f4 28.Ne4 f3 29.d6 Ng6
30.Qc7 fxg2 31.Qxd8 Rxd8 32.Kxg2 Nf5 33.Be3 Ngh4+ 34.Kf1 Bxd6 35.Rad1 Nf3
36.Re2 Bc7 37.Rxd8+ Bxd8 38.Ng3 Ng7 39.Bc5 Kf7 40.Re3 g4 41.Rd3 Bf6 42.b4 h5
43.Ne4 Be5 44.Bd6 Ke6 45.Bxe5 Kxe5 46.Nd2 Nd4 47.Nb3 Nb5 48.a4 Nd6 49.a5 Ne6
50.a6 Nc7 51.Nc5 h4 52.a7 h3 53.Nd7+ Ke6 54.Nb6 Ne4 55.Kg1 h2+ 56.Kxh2 g3+
57.Kg2  1-0

[Event "34th Olympiad"]
[Site "Istanbul TUR"]
[Date "2000.11.10"]
[Round "13"]
[White "Markowski,T"]
[Black "Sasikiran,K"]
[Result "0-1"]
[WhiteElo "2568"]
[BlackElo "2573"]

1.g3 e5 2.c4 g6 3.Bg2 Bg7 4.Nc3 d6 5.d3 f5 6.e3 a5 7.Nge2 Nf6 8.O-O O-O 9.b3 c6
10.Ba3 Na6 11.Rc1 Rb8 12.Bb2 Bd7 13.d4 e4 14.d5 Qe7 15.dxc6 bxc6 16.Qd2 Rfd8
17.Rcd1 Be8 18.Na4 Nb4 19.Nc1 c5 20.Nc3 d5 21.Nxd5 Nfxd5 22.Bxg7 Nc7 23.Bd4 Ne6
24.Ne2 a4 25.Qb2 cxd4 26.exd4 axb3 27.axb3 Nd3  0-1

[Event "Wotulo Mem"]
[Site "Jakarta INA"]
[Date "2001.03.27"]
[Round "6"]
[White "Praytino,S"]
[Black "Sasikiran,K"]
[Result "0-1"]
[WhiteElo "2391"]
[BlackElo "2601"]

1.d4 Nf6 2.c4 c6 3.Nc3 d5 4.Nf3 dxc4 5.a4 Bf5 6.Ne5 Nbd7 7.Nxc4 Qc7 8.f3 e5
9.dxe5 Nxe5 10.e4 Be6 11.Nxe5 Qxe5 12.Be3 Bb4 13.Qc1 Nd7 14.Be2 Nc5 15.f4 Qd6
16.Qc2 Bb3 17.Bxc5 Bxc2 18.Bxd6 Bxd6 19.O-O O-O-O 20.e5 Bc7 21.Bc4 f6 22.e6 Rd4
23.b3 Rxf4 24.Rxf4 Bxf4 25.Ra2 Bf5 26.Re2 Re8 27.Ne4 Be5 28.h3 Kc7 29.Kf1 Bxe6
30.Nc5 Bxc4 31.bxc4 Re7 32.g4 Kb6 33.Nd3 Ka5 34.Ra2 Bd4 35.Nf4 Kb4 36.Ne2 Be5
37.a5 Rd7 38.a6 b6 39.Rc2 Rd1+  0-1

[Event "Wotulo Mem"]
[Site "Jakarta INA"]
[Date "2001.03.29"]
[Round "9"]
[White "Sasikiran,K"]
[Black "Majella,Y"]
[Result "1/2-1/2"]
[WhiteElo "2601"]
[BlackElo "2321"]

1.d4 d5 2.c4 c6 3.Nc3 Nf6 4.Nf3 dxc4 5.a4 c5 6.e4 cxd4 7.Qxd4 Qxd4 8.Nxd4 e5
9.Ndb5 Na6 10.Bxc4 Bb4 11.O-O O-O 12.Be3 b6 13.Rfd1 Bc5 14.Nd6 Bxd6 15.Rxd6 Nc7
16.f3 Be6 17.Bxe6 Nxe6 18.a5 bxa5 19.Rxa5 Rfb8 20.Rd2 Rb7 21.Rxe5 a5 22.Rb5 Rxb5
23.Nxb5 Rb8 24.Nd4 Kf8 25.Nxe6+ fxe6 26.Bd4 Ke7 27.Bc3 a4 28.Rd1 Rc8 29.Kf2 g6
30.Rd4 Ra8 31.Bb4+ Kf7 32.Rc4 Ra7 33.Rc8 Nd7 34.Rh8 Rb7 35.Ba3 Kg7 36.Re8 Kf6
37.Ke2 Ne5 38.Rf8+ Kg7 39.Rc8 g5 40.Rc3 h5 41.Kd1 Rf7 42.Ke2 g4 43.Rc5 gxf3+
44.gxf3 Nxf3 45.Rxh5 e5 46.Kd3 Kg6 47.Rh8 Ng5 48.h4 Ne6 49.Ra8 Rd7+ 50.Ke3 Nf4
51.Kf3 Rd1 52.Rxa4 Rd3+ 53.Kf2 Kh5 54.Ra8 Nh3+ 55.Kf1 Kg4 56.Bc5 Nf4 57.Ke1  1/2-1/2

[Event "Wotulo Mem"]
[Site "Jakarta INA"]
[Date "2001.03.30"]
[Round "10"]
[White "Liu Dede"]
[Black "Sasikiran,K"]
[Result "1-0"]
[WhiteElo "2378"]
[BlackElo "2601"]

1.e4 e5 2.Nf3 Nc6 3.Bb5 a6 4.Ba4 Nf6 5.O-O Be7 6.Re1 b5 7.Bb3 d6 8.c3 O-O
9.h3 Nb8 10.d4 Nbd7 11.Nbd2 Bb7 12.Bc2 Re8 13.Nf1 Bf8 14.Ng3 c5 15.b3 Qc7
16.d5 c4 17.b4 a5 18.a3 Ra6 19.Rb1 Rb8 20.Nh2 Bc8 21.Ng4 Ne8 22.Rf1 Rba8
23.Kh2 axb4 24.cxb4 Ndf6 25.Ne3 g6 26.Ne2 Bd7 27.Nc3 Rxa3 28.Bxa3 Rxa3 29.Qe1 Qa7
30.Ra1 Bh6 31.Rxa3 Qxa3 32.Nb1 Qa7 33.Qc3 Nc7 34.Rd1 Nfe8 35.Nd2 f5 36.exf5 Bxe3
37.Qxe3 Qxe3 38.fxe3 Nxd5 39.Nxc4 Nxb4 40.Nxe5 Nxc2 41.Nxd7 gxf5 42.Rd3 b4
43.Nb8 Kf7 44.Nc6 Ke6 45.Nd4+ Nxd4 46.Rxd4 Nf6 47.Rxb4 Nd5 48.Rb3 Ke5 49.Kg1 f4
50.exf4+ Nxf4 51.Kf2 d5 52.Kf3 Ne6 53.Rb7 h6 54.h4 Nd4+ 55.Kg4 Nf5 56.Rb8 Ne3+
57.Kf3 d4 58.Re8+ Kf5 59.Re4 Nxg2 60.Rxd4 Ne1+ 61.Kf2 Nc2 62.Rc4 Na3 63.Rc3 Nb1
64.Rd3 h5 65.Ke2 Kg4 66.Rb3  1-0

[Event "Young Masters"]
[Site "Lausanne SUI"]
[Date "2001.05.24"]
[Round "3.1"]
[White "Bacrot,E"]
[Black "Sasikiran,K"]
[Result "1-0"]
[WhiteElo "2627"]
[BlackElo "2611"]

1.d4 d5 2.c4 dxc4 3.Nf3 Nf6 4.e3 e6 5.Bxc4 c5 6.O-O a6 7.Bb3 Nc6 8.Nc3 cxd4
9.exd4 Be7 10.Re1 O-O 11.Bf4 Na5 12.d5 Nxb3 13.Qxb3 exd5 14.Rad1 Be6 15.Qxb7 Bc5
16.Be5 a5 17.Nd4 Nd7 18.Bg3 Re8 19.Ndb5 h5 20.Nxd5 h4 21.Bf4 Bg4 22.Nbc7 Rxe1+
23.Rxe1 Rb8 24.Qxb8 Nxb8 25.Re8+ Qxe8 26.Nxe8 Nc6 27.Nef6+ gxf6 28.Nxf6+ Kf8
29.Nxg4 Nb4 30.Be3 Bd6 31.a3 Nd3 32.Bd4 Ke7 33.h3 Ke6 34.Ne3 a4 35.Kf1 f5
36.Nc4 Bc7 37.Bb6 Be5 38.Nxe5 Kxe5 39.Bd8 Nxb2 40.Bxh4 Ke6 41.Bg5 Nc4 42.Bc1  1-0

[Event "Young Masters"]
[Site "Lausanne SUI"]
[Date "2001.05.26"]
[Round "4.1"]
[White "Volokitin,A"]
[Black "Sasikiran,K"]
[Result "1/2-1/2"]
[WhiteElo "2493"]
[BlackElo "2611"]

1.e4 c5 2.Nf3 d6 3.d4 cxd4 4.Nxd4 Nf6 5.Nc3 a6 6.Be2 e5 7.Nb3 Be7 8.O-O O-O
9.Kh1 b6 10.f3 Bb7 11.a4 Nc6 12.Bg5 Nb4 13.Nb1 Qc7 14.c3 Nc6 15.c4 Na5 16.N3d2 Ng4
17.Bxe7 Ne3 18.Qc1 Qxe7 19.Rg1 f5 20.Qc3 f4 21.Nf1 Nxf1 22.Bxf1 Rf6 23.Na3 Raf8
24.Rd1 Rg6 25.Nc2 Bc8 26.g3 fxg3 27.Rxg3 Nb7 28.Ne3 Nc5 29.b4 Rxg3 30.hxg3 Rxf3
31.bxc5 Qg5 32.Re1 Rxg3 33.Bg2 Bh3 34.Re2 Bxg2+ 35.Rxg2 Rxe3 36.Rxg5 Rxc3
37.cxb6 a5 38.c5 dxc5 39.Rxe5 Kf7 40.Kg2 g6  1/2-1/2

[Event "ch-IND"]
[Site "New Delhi IND"]
[Date "2001.06.04"]
[Round "5"]
[White "Ravi,L"]
[Black "Sasikiran,K"]
[Result "0-1"]
[WhiteElo "2381"]
[BlackElo "2611"]

1.d4 Nf6 2.Nf3 g6 3.g3 Bg7 4.Bg2 O-O 5.O-O d5 6.c4 c6 7.cxd5 cxd5 8.Nc3 e6
9.Ne5 Nfd7 10.f4 Nc6 11.Be3 f6 12.Nf3 Nb6 13.b3 f5 14.Qd2 Bd7 15.Bf2 Nc8
16.Ne5 Nd6 17.Rac1 Qe7 18.Na4 Rfc8 19.Nc5 Be8 20.Rc2 b6 21.Ncd3 Nxe5 22.dxe5 Ne4
23.Qc1 Qb7 24.Bd4 Bf8 25.Rxc8 Rxc8 26.Qb2 Bc5 27.Rc1 Bxd4+ 28.Qxd4 Rxc1+
29.Nxc1 Qc7 30.Nd3 Bb5 31.Bf3 g5 32.Qb2 h6 33.a4 Ba6 34.Qc1 Nc3 35.Qd2 g4
36.Bg2 b5 37.axb5 Bxb5 38.Bf1 Ne4 39.Qb4 Qb6+ 40.Kg2 Kf7 41.e3 Bxd3  0-1

[Event "ch-IND"]
[Site "New Delhi IND"]
[Date "2001.06.04"]
[Round "6"]
[White "Sasikiran,K"]
[Black "Ganguly,S"]
[Result "1/2-1/2"]
[WhiteElo "2611"]
[BlackElo "2456"]

1.d4 d5 2.c4 dxc4 3.Nf3 Nf6 4.e3 e6 5.Bxc4 c5 6.O-O a6 7.dxc5 Qxd1 8.Rxd1 Bxc5
9.Be2 O-O 10.Nbd2 b6 11.a3 a5 12.b3 Rd8 13.Bb2 Ba6 14.Kf1 Ra7 15.Ne5 Rc7
16.Rac1 Rcc8 17.Ndc4 Rxd1+ 18.Rxd1 Kf8 19.g4 h6 20.h4 Ke7 21.Ke1 Ne4 22.Bd3 Bb7
23.Bf1 Bd5 24.f3 Nd6 25.e4 Bb7 26.g5 hxg5 27.hxg5 Nxc4 28.Nxc4 f6 29.gxf6+ gxf6
30.Bd4 Nd7 31.Bxc5+ Rxc5 32.b4 axb4 33.axb4 Rc7 34.Kf2 Ba6 35.Nxb6 Bxf1  1/2-1/2

[Event "ch-IND"]
[Site "New Delhi IND"]
[Date "2001.06.05"]
[Round "7"]
[White "Roy Chowdhury,S"]
[Black "Sasikiran,K"]
[Result "0-1"]
[WhiteElo "2306"]
[BlackElo "2611"]

1.e4 c5 2.Nf3 d6 3.d4 cxd4 4.Nxd4 Nf6 5.Nc3 e6 6.Be3 a6 7.Be2 Be7 8.O-O O-O
9.f4 Nc6 10.Bf3 Qc7 11.Nxc6 bxc6 12.Na4 Bb7 13.c4 c5 14.Nc3 Nd7 15.Qd2 Rad8
16.Rad1 Nb8 17.Qf2 Nc6 18.g4 Bf6 19.g5 Bxc3 20.bxc3 f5 21.exf5 exf5 22.Rb1 Na5
23.Bxb7 Nxb7 24.Qf3 Na5 25.Rfd1 Rfe8 26.Bf2 Re4 27.Qd3 Qc6 28.Qd5+ Qxd5 29.Rxd5 Rxf4
30.Bxc5 Nxc4 31.Bd4 Kf7 32.Bf2 Ke6 33.Rd3 Rd7 34.h3 Ne5 35.Re3 Re4 36.Kg2 Rc7
37.Rb3 Ra4 38.Re2 f4  0-1

[Event "ch-IND"]
[Site "New Delhi IND"]
[Date "2001.06.06"]
[Round "9"]
[White "Kunte,A"]
[Black "Sasikiran,K"]
[Result "0-1"]
[WhiteElo "2568"]
[BlackElo "2611"]

1.e4 c6 2.d4 d5 3.exd5 cxd5 4.c4 Nf6 5.Nc3 e6 6.Nf3 Bb4 7.cxd5 Nxd5 8.Qc2 Nc6
9.Bd3 h6 10.O-O O-O 11.a3 Be7 12.Qe2 Re8 13.Re1 Bd7 14.Bc2 Bf8 15.Qd3 g6
16.h4 h5 17.Bg5 Qb6 18.Na4 Qc7 19.Nc5 Nxd4 20.Nxd7 Nxc2 21.Nxf8 Nxe1 22.Rxe1 Rxf8
23.Ne5 Rfc8 24.Nxg6 Qc2 25.Ne7+ Nxe7 26.Qxc2 Rxc2 27.Bxe7 Rxb2 28.Re4 f5
29.Rc4 Rb6 30.Rc7 e5 31.Kh2 a5 32.Bg5 Re8 33.Rc5 Rb2 34.Kg1 b6 35.Rc6 f4
36.Rc4 b5 37.Rc7 Re6 38.Ra7 Rd6 39.Rxa5 Rd1+ 40.Kh2 Rbb1  0-1

[Event "ch-IND"]
[Site "New Delhi IND"]
[Date "2001.06.07"]
[Round "11"]
[White "Barua,D"]
[Black "Sasikiran,K"]
[Result "1-0"]
[WhiteElo "2494"]
[BlackElo "2611"]

1.e4 c5 2.Nf3 d6 3.d4 cxd4 4.Nxd4 Nf6 5.Nc3 e6 6.Be2 Be7 7.O-O Nc6 8.Be3 Bd7
9.f4 O-O 10.Kh1 Qb8 11.Qe1 Rd8 12.Qg3 Be8 13.f5 Nxd4 14.Bxd4 e5 15.Be3 Kf8
16.Bg5 Rc8 17.Qh3 Bc6 18.Bxf6 Bxf6 19.Qxh7 Ke7 20.Qh3 b5 21.a3 b4 22.axb4 Qxb4
23.Ra6 Bb7 24.Ra4 Qb6 25.Bc4 Rh8 26.Qd3 Bg5 27.Nd5+ Bxd5 28.Bxd5 Rac8 29.Ra6 Qe3
30.Qxe3 Bxe3 31.c3 Rc7 32.Rf3 Bc5 33.g3 Rb8 34.b4 Bb6 35.Ra1 Rh8 36.h4 f6
37.Kg2 Rhc8 38.Ra3 Rh8 39.Kf1 Rcc8 40.Ke2 Rh6 41.Kd3 Rch8 42.Rf1 Rc8 43.Ra2 g6
44.fxg6 Rxg6 45.Rf3 Rh8 46.Ra1 Rh7 47.Raf1 Rhh6 48.Kc4 Rg4 49.Kb5 Rhg6 50.h5 Rh6
51.c4 Bd4 52.c5 dxc5 53.bxc5 Rg7 54.Ra3 Kd8 55.Ra6 Rxg3 56.Rxa7 Rc3 57.Bc4 Rc2
58.Rf5 Be3 59.Rf7 Rc1 60.Rf3  1-0

[Event "ch-IND"]
[Site "New Delhi IND"]
[Date "2001.06.09"]
[Round "15"]
[White "Mishra,N"]
[Black "Sasikiran,K"]
[Result "1-0"]
[WhiteElo "2321"]
[BlackElo "2611"]

1.d4 Nf6 2.g3 d5 3.Bg2 c6 4.Nf3 Bg4 5.Ne5 Bh5 6.O-O e6 7.Nd2 Nbd7 8.Nd3 Bd6
9.Nf3 O-O 10.Bf4 Bxf4 11.Nxf4 Bxf3 12.Bxf3 Qb6 13.Rb1 e5 14.dxe5 Nxe5 15.Bg2 Rfe8
16.e3 Rad8 17.c3 Nc4 18.b3 Nd6 19.Qc2 Nde4 20.Rbd1 g6 21.Rd3 Re7 22.Rfd1 Nxf2
23.Qxf2 Ng4 24.Qd2 Rde8 25.Kh1 Nxe3 26.Rg1 Ng4 27.Rf3 Re4 28.h3 Ne3 29.Rf2 R4e5
30.Nd3 R5e7 31.Re1 c5 32.Rfe2 d4 33.b4 c4 34.Nc5 Qc7 35.cxd4 Qxg3 36.Ne4 Rxe4
37.Bxe4 Nf1 38.Rxf1 Qxh3+ 39.Kg1 Qg4+ 40.Rg2 Qxe4 41.Qf4 Qd5 42.Rg5 f5 43.Qxf5 Qxd4+
44.Rf2  1-0